000 00624nam a2200277Ia 4500
005 20260324112229.0
008 008 260324s9999 xx 000 0 eng d
020 _a9781003401704
037 _aEBOOK
040 _aCRL
040 _beng
040 _cCRL
041 _2eng
041 _aeng
084 _qCRL
100 _aToyin Falola
245 0 _aMilestones in African Literature
260 _bTaylor and Francis
260 _c2024
365 _a
365 _b205
856 _uhttp://www.taylorfrancis.com/books/9781003401704
942 _cEBOOK
999 _c1730961
_d1730961